|
|
|
|
| LEADER |
00000nam0a2200000 4500 |
| 001 |
146648 |
| 005 |
20231101221237.0 |
| 035 |
|
|
|a (RuTPU)RU\TPU\book\158956
|
| 090 |
|
|
|a 146648
|
| 100 |
|
|
|a 20081031d1985 m y0rusy50 ca
|
| 101 |
0 |
|
|a rus
|
| 102 |
|
|
|a UA
|
| 105 |
|
|
|a c z 000ay
|
| 200 |
1 |
|
|a Кружилиха
|e роман
|f В. Ф. Панова
|g авт. предисл. А. А. Нинов ; худож. Е. Е. Котляр
|
| 210 |
|
|
|a Харьков
|c Прапор
|d 1985
|
| 215 |
|
|
|a 219 с.
|c портр.
|
| 225 |
1 |
|
|a Зарево
|
| 610 |
1 |
|
|a советская литература
|
| 610 |
1 |
|
|a романы
|
| 675 |
|
|
|a Р2
|v 3
|
| 700 |
|
1 |
|a Панова
|b В. Ф.
|c русский прозаик, драматург, киносценарист
|f 1905-1973
|g Вера Федоровна
|2 stltpush
|3 (RuTPU)RU\TPU\pers\15434
|9 5346
|
| 702 |
|
1 |
|a Нинов
|b А. А.
|4 080
|
| 702 |
|
1 |
|a Котляр
|b Е. Е.
|4 440
|
| 801 |
|
1 |
|a RU
|b 63413507
|c 20081031
|g PSBO
|
| 942 |
|
|
|c BK
|